[Event "POL-ch 64th"]
[Site "Opole POL"]
[Date "2007.02.20"]
[Round "11.4"]
[White "Bartel, Mateusz"]
[Black "Tomczak, Jacek"]
[Result "1-0"]
[WhiteElo "2587"]
[BlackElo "2457"]
[EventDate "2007.02.09"]
[PlyCount "143"]

1. g3 e5 2. Bg2 d5 3. c4 Nf6 4. cxd5 Nxd5 5. Nc3 Nb6 6. Nf3 Nc6 7. O-O Be7 8.
d3 O-O 9. a3 Re8 10. b4 Nd4 11. Bb2 Bf8 12. Nxd4 exd4 13. Nb5 a5 14. Nxd4 axb4
15. axb4 Rxa1 16. Qxa1 Bxb4 17. Nc2 Bf8 18. Ne3 Qg5 19. h4 Qg6 20. Qa5 f5 21.
Be5 c6 22. Bc3 Nd7 23. Nxf5 Rxe2 24. Be4 Rxe4 25. dxe4 Nc5 26. Bxg7 Nxe4 27.
Bxf8 Qxf5 28. Qxf5 Bxf5 29. Bb4 b6 30. g4 Bd7 31. Re1 Nf6 32. Re7 Bxg4 33. Bc3
Nh5 34. Be5 Bf3 35. Kf1 b5 36. Rb7 Bd5 37. Ke1 b4 38. Rxb4 Kf7 39. Rb7+ Kg6 40.
Kd2 h6 41. Rb4 Kf5 42. Bc7 Be4 43. Ra4 Nf6 44. f3 Bd5 45. Ke2 Ne8 46. Bf4 h5
47. Bg5 Ng7 48. Rf4+ Ke5 49. Rf6 Nf5 50. Rf8 Be6 51. Kd3 c5 52. Bf6+ Kf4 53.
Ke2 Kg3 54. Bd8 Bc4+ 55. Kd2 Be6 56. Re8 Bd7 57. Rh8 Nxh4 58. Rg8+ Kh3 59. Ke3
Nf5+ 60. Kf2 h4 61. Rg1 Ng3 62. Bc7 c4 63. Rg2 Bc6 64. Bxg3 hxg3+ 65. Rxg3+ Kh4
66. Rg4+ Kh5 67. Rxc4 Bd7 68. Rc7 Bf5 69. Rg7 Bg6 70. Ke3 Kh6 71. Rxg6+ Kxg6
72. Ke4 1-0

[Event "POL-ch 64th"]
[Site "Opole POL"]
[Date "2007.02.20"]
[Round "11.7"]
[White "Cyborowski, Lukasz"]
[Black "Grabarczyk, Bogdan"]
[Result "1-0"]
[WhiteElo "2580"]
[BlackElo "2441"]
[EventDate "2007.02.09"]
[PlyCount "133"]

1. e4 Nf6 2. d3 d5 3. Nd2 c5 4. Ngf3 Nc6 5. g3 g6 6. Bg2 Bg7 7. O-O O-O 8. c3
b6 9. e5 Ne8 10. d4 cxd4 11. cxd4 Bf5 12. Nb1 Be4 13. Nc3 f5 14. Nxe4 dxe4 15.
Qb3+ Kh8 16. Ng5 Qxd4 17. Bf4 Qb4 18. Nf7+ Rxf7 19. Qxf7 Nc7 20. a3 Qb5 21.
Rac1 Nxe5 22. Qxe7 Nd5 23. Qb7 Re8 24. Bxe5 Bxe5 25. Rfd1 Nf6 26. Qxa7 Qxb2 27.
Qa4 b5 28. Qb4 Ng4 29. Qxb2 Bxb2 30. Rc7 Bxa3 31. Rdd7 Nf6 32. Rf7 Rf8 33. Bf1
Rxf7 34. Rxf7 Ng4 35. Be2 Ne5 36. Rb7 b4 37. Kf1 h5 38. h3 Bc1 39. Ke1 Bb2 40.
Kd2 Bd4 41. Ke1 Bc3+ 42. Kf1 Kg8 43. Bd1 Nd3 44. Bc2 Nc5 45. Rb5 Nd7 46. Ke2
Kf8 47. Rb7 Nc5 48. Rb6 Kg7 49. Ke3 Kh6 50. f4 Be1 51. g4 hxg4 52. hxg4 fxg4
53. f5 Kg5 54. fxg6 Kh6 55. Bxe4 Bf2+ 56. Kxf2 Nxe4+ 57. Ke3 g3 58. Kf3 b3 59.
Rb4 Nc5 60. Rb5 Nd7 61. g7 Nf6 62. Rb7 b2 63. Kxg3 b1=Q 64. Rxb1 Kxg7 65. Kf4
Nh5+ 66. Kg5 Ng3 67. Re1 1-0

[Event "POL-ch 64th"]
[Site "Opole POL"]
[Date "2007.02.21"]
[Round "12.1"]
[White "Grabarczyk, Miroslaw"]
[Black "Grabarczyk, Bogdan"]
[Result "1/2-1/2"]
[WhiteElo "2461"]
[BlackElo "2441"]
[EventDate "2007.02.09"]
[PlyCount "28"]

1. d4 d5 2. c4 c6 3. cxd5 cxd5 4. Nc3 Nf6 5. Nf3 Nc6 6. Bf4 Bf5 7. e3 e6 8. Bd3
Bxd3 9. Qxd3 Bd6 10. Bxd6 Qxd6 11. O-O O-O 12. Rfc1 Rfc8 13. h3 h6 14. Nb5 Qe7
1/2-1/2

[Event "POL-ch 64th"]
[Site "Opole POL"]
[Date "2007.02.21"]
[Round "12.2"]
[White "Lubczynski, Rafal"]
[Black "Cyborowski, Lukasz"]
[Result "1/2-1/2"]
[WhiteElo "2383"]
[BlackElo "2580"]
[EventDate "2007.02.09"]
[PlyCount "39"]

1. d4 Nf6 2. c4 c6 3. Nf3 d5 4. Qc2 dxc4 5. Qxc4 Bg4 6. Nbd2 Nbd7 7. g3 Qc7 8.
Bg2 e5 9. O-O Be7 10. Nxe5 Be6 11. Qc2 Nxe5 12. dxe5 Nd5 13. Nc4 O-O 14. a3 Nb6
15. Nxb6 Qxb6 16. Be3 Qb5 17. Be4 g6 18. f4 Bb3 19. Qc3 Qa4 20. Bf3 1/2-1/2

[Event "POL-ch 64th"]
[Site "Opole POL"]
[Date "2007.02.21"]
[Round "12.3"]
[White "Heberla, Bartlomiej"]
[Black "Macieja, Bartlomiej"]
[Result "1/2-1/2"]
[WhiteElo "2557"]
[BlackElo "2629"]
[EventDate "2007.02.09"]
[PlyCount "58"]

1. e4 c5 2. Nf3 e6 3. d4 cxd4 4. Nxd4 a6 5. Be2 Nf6 6. Nc3 d6 7. a4 Nc6 8. Be3
Be7 9. O-O Nxd4 10. Bxd4 Bd7 11. f4 Bc6 12. Bd3 O-O 13. Qe2 Nd7 14. Kh1 g6 15.
f5 Bf6 16. Bxf6 Nxf6 17. fxe6 fxe6 18. e5 Nd5 19. Nxd5 Bxd5 20. Rxf8+ Qxf8 21.
Rf1 Qe7 22. c4 Bc6 23. b4 Bxa4 24. exd6 Qxd6 25. c5 Qe7 26. Bc4 Re8 27. Qe5 Bc6
28. Rf6 Bd5 29. Bxd5 exd5 1/2-1/2

[Event "POL-ch 64th"]
[Site "Opole POL"]
[Date "2007.02.21"]
[Round "12.4"]
[White "Tomczak, Jacek"]
[Black "Socko, Bartosz"]
[Result "1/2-1/2"]
[WhiteElo "2457"]
[BlackElo "2629"]
[EventDate "2007.02.09"]
[PlyCount "110"]

1. e4 e5 2. Nf3 Nc6 3. d4 exd4 4. Nxd4 Bc5 5. Be3 Qf6 6. c3 Nge7 7. Bc4 b6 8.
Qd2 Bb7 9. b4 Bd6 10. f3 a5 11. b5 Nxd4 12. cxd4 Bb4 13. Nc3 d5 14. Bd3 dxe4
15. fxe4 Bxe4 16. Rf1 Qe6 17. Bxe4 Bxc3 18. Qxc3 Qxe4 19. O-O-O O-O 20. Bg5 Nd5
21. Qc4 Rae8 22. g3 Qe6 23. Rde1 Qd6 24. Kb2 Re6 25. Bd2 Rfe8 26. Rxe6 Rxe6 27.
Rf5 Ne7 28. Bf4 Qd7 29. Re5 Rxe5 30. Bxe5 Nd5 31. a4 Kf8 32. g4 f6 33. Bg3 Ke7
34. Kb3 Kd8 35. h4 Kc8 36. g5 Qf5 37. Kb2 Qe4 38. gxf6 gxf6 39. h5 Kb8 40. h6
Qf3 41. Bxc7+ Nxc7 42. Qg8+ Kb7 43. Qxh7 Qf2+ 44. Kc1 Qe3+ 45. Kc2 Qe2+ 46. Kc3
Qg4 47. Kc2 Qg2+ 48. Kc1 Qh1+ 49. Kd2 Qh2+ 50. Kd3 Qh3+ 51. Kd2 Qg2+ 52. Kc1
Qg1+ 53. Kc2 Qf2+ 54. Kc1 Qf1+ 55. Kd2 Qg2+ 1/2-1/2

[Event "POL-ch 64th"]
[Site "Opole POL"]
[Date "2007.02.21"]
[Round "12.7"]
[White "Bobras, Piotr"]
[Black "Markowski, Tomasz"]
[Result "1/2-1/2"]
[WhiteElo "2542"]
[BlackElo "2553"]
[EventDate "2007.02.09"]
[PlyCount "27"]

1. e4 c5 2. Nf3 e6 3. d4 cxd4 4. Nxd4 a6 5. Nc3 b5 6. Bd3 d6 7. O-O Nf6 8. a4
b4 9. Na2 e5 10. Nf3 Nc6 11. Qe1 Qb6 12. a5 Qb7 13. Bg5 Be7 14. Bxf6 1/2-1/2

[Event "POL-ch 64th"]
[Site "Opole POL"]
[Date "2007.02.22"]
[Round "13.3"]
[White "Bartel, Mateusz"]
[Black "Bobula, Mateusz"]
[Result "1-0"]
[WhiteElo "2587"]
[BlackElo "2359"]
[EventDate "2007.02.09"]
[PlyCount "93"]

1. e4 e6 2. d4 d5 3. Nc3 Nf6 4. e5 Nfd7 5. f4 c5 6. Nf3 Nc6 7. Be3 cxd4 8. Nxd4
Bc5 9. Qd2 Bxd4 10. Bxd4 Nxd4 11. Qxd4 Qb6 12. Nb5 Qxd4 13. Nxd4 Ke7 14. O-O-O
Nc5 15. Bd3 Bd7 16. Rhf1 g6 17. c3 h5 18. Bc2 Rac8 19. h3 a6 20. Rf2 h4 21. Nf3
Bc6 22. Rd4 b5 23. Kd2 Nd7 24. Ke3 Nb6 25. Bd3 Bd7 26. Rf1 Na4 27. Rb1 Rc7 28.
Nh2 Nb6 29. Ng4 Nc8 30. Nf6 Na7 31. Be2 Nc6 32. Rd2 b4 33. cxb4 Nxb4 34. Nxd7
Rxd7 35. a3 d4+ 36. Kf3 d3 37. Bf1 Nc2 38. Rxd3 Nd4+ 39. Ke4 Rhd8 40. Rbd1 Nb3
41. Rxd7+ Rxd7 42. Rxd7+ Kxd7 43. Ke3 a5 44. Bc4 Nc5 45. b4 axb4 46. axb4 Nb7
47. Ke4 1-0

[Event "POL-ch 64th"]
[Site "Opole POL"]
[Date "2007.02.22"]
[Round "13.4"]
[White "Socko, Bartosz"]
[Black "Wojtaszek, Radoslaw"]
[Result "1-0"]
[WhiteElo "2629"]
[BlackElo "2637"]
[EventDate "2007.02.09"]
[PlyCount "73"]

1. e4 c6 2. d4 d5 3. e5 Bf5 4. Nf3 e6 5. Be2 Nd7 6. O-O Ne7 7. b3 c5 8. c3 Nc6
9. Be3 Rc8 10. a3 cxd4 11. cxd4 Be7 12. Bd3 Bg4 13. Nbd2 Bh5 14. b4 O-O 15. Qb1
h6 16. h3 f5 17. exf6 Rxf6 18. b5 Na5 19. Ne5 Nxe5 20. dxe5 Rf8 21. Bg6 Be2 22.
Re1 d4 23. Bxh6 d3 24. Rxe2 dxe2 25. Bh7+ Kh8 26. Bxg7+ Kxg7 27. Qg6+ Kh8 28.
Bg8 Rf7 29. Qxf7 Qd3 30. Qxe7 Rxg8 31. Qh4+ Kg7 32. Qg4+ Kh8 33. Qf4 Nb3 34.
Nxb3 Qd1+ 35. Kh2 Rg6 36. Rc1 e1=Q 37. Qf8+ 1-0

[Event "POL-ch 64th"]
[Site "Opole POL"]
[Date "2007.02.22"]
[Round "13.5"]
[White "Macieja, Bartlomiej"]
[Black "Tomczak, Jacek"]
[Result "1-0"]
[WhiteElo "2629"]
[BlackElo "2457"]
[EventDate "2007.02.09"]
[PlyCount "51"]

1. e4 d5 2. exd5 Qxd5 3. Nc3 Qa5 4. d4 Nf6 5. Nf3 c6 6. Ne5 Bf5 7. g4 Bg6 8. h4
Nbd7 9. Nc4 Qc7 10. h5 Be4 11. Nxe4 Nxe4 12. Qf3 Nd6 13. Bf4 Nf6 14. h6 Nd5 15.
Be5 f6 16. hxg7 Bxg7 17. Bg3 O-O-O 18. O-O-O b5 19. Nxd6+ exd6 20. Bxb5 Qa5 21.
Bxc6 Nb4 22. a3 Nxc6 23. Qxc6+ Qc7 24. Qa8+ Kd7 25. Qd5 Rc8 26. Qf5+ 1-0

[Event "POL-ch 64th"]
[Site "Opole POL"]
[Date "2007.02.22"]
[Round "13.7"]
[White "Grabarczyk, Bogdan"]
[Black "Lubczynski, Rafal"]
[Result "1-0"]
[WhiteElo "2441"]
[BlackElo "2383"]
[EventDate "2007.02.09"]
[PlyCount "71"]

1. e4 d6 2. f4 Nf6 3. Nc3 Bg4 4. Nf3 Bxf3 5. Qxf3 Nc6 6. Nd5 Nd7 7. c3 e6 8.
Ne3 Nb6 9. d4 d5 10. Bd3 g6 11. O-O Qd7 12. f5 dxe4 13. fxe6 exf3 14. exd7+
Nxd7 15. Rxf3 f5 16. g4 O-O-O 17. Bc2 fxg4 18. Nxg4 Be7 19. Bh6 Rde8 20. Bb3
Bf8 21. Bd2 Re2 22. Rf2 Rxf2 23. Kxf2 Be7 24. Kg2 Kd8 25. Re1 Bh4 26. Re4 Re8
27. Ne5 Ncxe5 28. Rxh4 Nd3 29. Bg5+ Kc8 30. Rxh7 c6 31. Bf7 Re1 32. Bxg6 Re2+
33. Kg3 Ne1 34. h4 Rg2+ 35. Kh3 Rf2 36. Rf7 1-0